01467cam a22002775a 45000010009000000050017000090080041000260200019000670400038000860820025001241000032001492450160001812600037003413000052003785000038004305000024004685040031004925200228005236500054007516500074008056510058008796530048009379420025009859990017010109520162010271590279720160214102727.0090911t2010 nyuaf frb 001 0 eng d a9780143118244  aDLCbengcDLCdEG-ScBUEdEG-ScBUE04a330.9730931bSOR2221 aSorkin, Andrew Ross.93932410aToo big to fail :bthe inside story of how Wall Street and Washington fought to save the financial system from crisis and themselves /cAndrew Ross Sorkin. aNew York :bPenguin Book,c2010. axx, 618 p., [16] p. of plates :bill. ;c25 cm. aUpdated and with a new afterword. aIndex : p. 605-618. aBibliography : p. 561-604. aPresents a moment-by-moment account of the recent financial collapse that documents state efforts to prevent an economic disaster, offering insight into the pivotal consequences of decisions made throughout the past decade. 7aGlobal Financial Crisis, 2008-2009.2BUEsh912473 0aFinancial criseszUnited StatesxHistoryy21st century.2BUEsh924156 0aUnited StatesxEconomic conditionsy2001-2009.2BUEsh bBUSADMcJuly2015cFebruary2016dBestSellers 2ddck330.9730931 SOR c20159d20131 00102ddc40708BaccahaMAINbMAINc1STd2015-07-02ePurchaseg121.00h22696l2m32o330.9730931 SORp000039424r2025-07-15 00:00:00s2016-09-27v151.00yBB